00665nam a2200229 a 4500001001300000003000900013005001700022008004100039020002300080082001300103100002000116245002900136260003700165300000800202500003500210505002400245700002000269902000800289942000700297952011400304999001700418nice12345678IN_TiNIC20260116014222.0050524s2005 dela grp 000 0 eng  a8183240054 c69500a261bTHO aThomas, Santosh aChristianity and Culture aDelhibMittal Publication c2005 a333 aincludes index and biblioraphy2 aBibliography, Index1 aThomas, Santosh bSRS cBK 001040708StackRoom-aHMIbHMId2007-10-05g695.00l0o261 THOp021347r2007-10-05v695.00w2005-05-24yBK c14382d14382